000 00242nam a22001217a 4500
008 170907b xxu||||| |||| 00| 0 eng d
041 _aeng
080 _a91
100 _a42
101 _aGEO
245 _aCOSMOS
_cSAGAN/C
942 _2udc
_cBK
999 _c26600
_d26600